Normal view
MARC view
- van Berhout,Emily Teding.
Entry Personal Name
001 - CONTROL NUMBER
- control field: 28172
003 - CONTROL NUMBER IDENTIFIER
- control field: OSt
005 - DATE AND TIME OF LATEST TRANSACTION
- control field: 20180704181249.0
008 - FIXED-LENGTH DATA ELEMENTS
- fixed length control field: 180704|| aca||aabn | a|a d
040 ## - CATALOGING SOURCE
- Original cataloging agency: OSt
100 ## - HEADING--PERSONAL NAME
- Personal name: van Berhout,Emily Teding.
- Relator term: Author.
